MARC

LEADER 00000nam0a2200000 4500
001 253075
005 20231101232817.0
035 |a (RuTPU)RU\TPU\book\275456 
090 |a 253075 
100 |a 20140311d1973 k y0rusy50 ca 
101 0 |a rus 
102 |a RU 
105 |a y z 001zy 
200 1 |a Спектральный анализ случайных процессов и полей  |f К. В. Коняев 
210 |a Москва  |c Наука  |d 1973 
215 |a 168 с. 
320 |a Библиогр.: с. 165-166(61 назв.). 
606 1 |a Случайные процессы  |x Спектральный анализ  |2 stltpush  |3 (RuTPU)RU\TPU\subj\55238  |9 73297 
610 1 |a корреляция 
610 1 |a дискретный анализ 
610 1 |a случайные поля 
610 1 |a эксперименты 
675 |a 519.246  |v 3 
700 1 |a Коняев  |b К. В.  |g Константин Васильевич 
712 0 2 |a Академия наук СССР (АН СССР)  |b Акустический институт им. Н. Н. Андреева (АКИН)  |c (Москва)  |2 stltpush  |3 (RuTPU)RU\TPU\col\5702 
801 1 |a RU  |b 63413507  |c 20140311 
801 2 |a RU  |b 63413507  |c 20140312  |g RCR 
942 |c BK